Historia gráfica de los pueblos indígenas de Costa Rica /

El documento presenta una serie de fotografías de los pueblos indígenas de Costa Rica, las mismas forman parte de la Colección del Laboratorio de Etnología "Maria Eugenia Bozzoli Vargas" de la Universidad de Costa Rica

Gespeichert in:
Bibliographische Detailangaben
1. Verfasser: Echeverría Murray, Olga
Weitere Verfasser: Arias Quirós, Ana Cecilia
Format: Text
Veröffentlicht: San José: Libros del Laboratorio de Etnología
Schlagworte:
Tags: Tag hinzufügen
Keine Tags, Fügen Sie den ersten Tag hinzu!

MARC

LEADER 00000 a a2200000 04500
001 36341
003
040
020 |a 978-9968-9686-0-7  
090 |a 1002 E19h  
100 |a Echeverría Murray, Olga  
245 |a Historia gráfica de los pueblos indígenas de Costa Rica /  |c Olga Echeverría Murray 
260 |a San José:   |b Libros del Laboratorio de Etnología  
300 |a 59 p.   |b il.  
520 |a El documento presenta una serie de fotografías de los pueblos indígenas de Costa Rica, las mismas forman parte de la Colección del Laboratorio de Etnología "Maria Eugenia Bozzoli Vargas" de la Universidad de Costa Rica  
650 |a POBLACION INDIGENA  
650 |a HISTORIA  
650 |a FOTOGRAFIA  
650 |a COSTA RICA  
700 |a Arias Quirós, Ana Cecilia  
999 |c 1905  |d 1905